• 首页
  • 本馆介绍
  • 公告通知
  • 最新文献
  • 馆藏检索
  • 电子资源
  • 读者导购
  • 参考咨询
  • 我的图书馆
  • 登录
  • 详细信息显示
  • 放入我的书架
  • 预约/预借图书
  • 作者相关作品
  • 分类相关作品
  • 丛书相关作品
  • 出版社相关作品

书目信息

  • 表格格式
  • 工作单格式
  • 卡片格式
题名:
晶体生长的牧师基础
    
 
作者: 闵乃本 著
分册:  
出版信息: 上海   上海科学技术出版社  1982
页数: 485页
开本: 20cm
丛书名:
单 册:
中图分类: O781
科图分类:
主题词: 晶体生长
电子资源:
ISBN:
000 00559nam0 2200205 450
001 0660879332
005 20060724165556.32
010    @dCNY1.95
100    @a20060724d1982 km y0chiy0120 ea
101 0  @achi
102    @aCN@b310000
102    @aCN@b310000
200 1  @a晶体生长的牧师基础@Ajing ti sheng zhang de mu shi ji chu@f闵乃本著@Fmin nai ben zhu
210    @a上海@c上海科学技术出版社@d1982
215    @a485页@d20cm
606 0  @a晶体生长
690    @aO781@v3
701  0 @a闵乃本@Amin nai ben@4著
801  0 @aCN@bPFT@c20060724
905    @a10447@dO781@e5
    
    晶体生长的牧师基础/闵乃本著.-上海:上海科学技术出版社,1982
    485页;20cm
    
    
    ISBN :CNY1.95
    
●
相关链接 在E读中查询图书 在五车中查询图书 在当当中查询图书 在豆瓣中查询图书


正题名:晶体生长的牧师基础     索取号:O781/5         预约/预借

序号 登录号 条形码 馆藏地/架位号 状态 备注
1 0433108   204331080   密集书库/ [索取号:O781/5] 在馆    
唐山师范学院图书馆 欢迎您!
大连网信软件有限公司© 版权所有